Current Methods of Execution - Statistics

General Stats
  • This quiz has been taken 1,435 times
  • The average score is 6 of 7
Answer Stats
Where used Method of Execution % Correct
Some US states, China, Guatemala, Thailand, Vietnam lethal injection
94%
Afghanistan, Iran, Iraq, Japan, Malaysia, Nigeria, Sudan, Pakistan, Yemen, Egypt, India, Myanmar, Singapore, Sri Lanka, Syria, UAE, Zimbabwe, Malawi, Liberia, Chad hanging
92%
Some US states, China, Taiwan, Vietnam, Belarus, Ethiopia, Nigeria, Somalia, North Korea, Indonesia, UAE, Saudi Arabia, Bahrain, Qatar, Yemen shooting
92%
Some US states electrocution
88%
Saudi Arabia beheading
80%
Some US states gas
61%
Saudi Arabia, UAE, Qatar, Nigeria, Sudan, Iran stoning
58%
No matching quizzes found
Score Distribution
Percent of People with Each Score
Percentile by Number Answered
Your Score History
You have not taken this quiz